000 00662nam a2200241Ia 4500
003 OSt
005 20221007070905.0
006 a|||||r|||| 00| 0
007 ta
008 221006b |||||||| |||| 00| 0 eng d
024 _a22,063
037 _cTextual
040 _aFLL
_cFLL
_beng
041 _2eng
_aeng
082 _aZ236:19qN52, J3
100 _aAhluwalia H. S.
_9687899
245 0 _aPunjab Gram Panchayat Act 1952 (Act No. Iv of 1953)
250 _a1st
260 _aJullundur
_bJanta Press India
_c1953
300 _aviii,137p
_ccm.
942 _hZ236:19qN52, J3
_cTEXL
_2CC
999 _c1141816
_d1141816